000 00756nam a2200253Ia 4500
003 OSt
005 20220923213552.0
006 a|||||r|||| 00| 0
007 ta
008 220922b |||||||| |||| 00| 0 hin d
024 _a162,945
037 _cTextual
040 _aARTS
_cARTS
_bhin
041 _2hin
_ahin
082 _aO152,1N08x, J2
100 _aदिनकर, रामधारीसिंह
245 0 _aहुकार
246 _aHukāra
260 _aपटना
_b उदयाचल
_c1938
300 _a87 पृ.
_ccm.
650 _aहिन्दी साहित्य
_9156264
942 _hO152,1N08x, J2
_cTEXL
_2CC
999 _c317425
_d317425